000
00304nam a22001337a 4500
008
181003b xxu||||| |||| 00| 0 eng d
020
_a
9780521498029
041
_a
eng
080
_a
101
100
_a
24
101
_a
FIL
245
_a
Natural Lsw and Moral Philosophy
_c
Haakonssen,K
942
_2
udc
_c
BK
999
_c
48800
_d
48800